|
|
|
|
| LEADER |
03012cam a2200505Ka 4500 |
| 001 |
bslw06443720 |
| 003 |
UtOrBLW |
| 005 |
20101115152719.0 |
| 006 |
m d |
| 007 |
cr un||||||||| |
| 008 |
101115s2007 mau ob 001 0 eng |
| 010 |
|
|
|a 2006053454
|
| 020 |
|
|
|z 9780444529749
|
| 020 |
|
|
|z 0444529748
|
| 020 |
|
|
|a 9781849508575 (electronic bk.) :
|c £73.95 ; <U+0080>104.95 ; $134.95
|
| 040 |
|
|
|a UtOrBLW
|c UtOrBLW
|d GrThAP
|
| 050 |
0 |
0 |
|a JF1525.E8
|b M38 2007
|
| 072 |
|
7 |
|a KFFD
|2 bicssc
|
| 072 |
|
7 |
|a KNV
|2 bicssc
|
| 072 |
|
7 |
|a BUS069000
|2 bisacsh
|
| 072 |
|
7 |
|a TRU000000
|2 bisacsh
|
| 080 |
|
|
|a 338.2
|
| 082 |
0 |
0 |
|a 364.1/323
|2 22
|
| 245 |
0 |
0 |
|a Fighting corruption in the public sector
|h [electronic resource] /
|c edited by Javier Arze del Granado.
|
| 250 |
|
|
|a 1st ed.
|
| 260 |
|
|
|a Boston :
|b Elsevier.,
|c 2007.
|
| 300 |
|
|
|a 1 online resource (xvi, 254 p.).
|
| 490 |
1 |
|
|a Contributions to economic analysis,
|x 0573-8555 ;
|v v. 284
|
| 504 |
|
|
|a Includes bibliographical references (p. 231-250) and index.
|
| 505 |
0 |
|
|a Corruption, fiscal policy, and fiscal management / Javier Arze del Granado -- The economics of corruption / Javier Arze del Granado -- Fiscal response to reduce corruption / Javier Arze del Granado -- A case study in corruption and anticorruption responses / Javier Arze del Granado -- Summary, policy lessons, and practical guidelines -- Regional patterns of corruption around the world / Javier Arze del Granado -- Fiscal dimensions of corruption / Javier Arze del Granado.
|
| 520 |
|
|
|a This book addresses the problem of how to fight corruption in the public sector. The study presents a comprehensive analysis of corruption that not only highlights the problems, but also potential solutions for a broad range of corruption manifestations in tax administration, government expenditure programs and other areas of fiscal policy and management. The analysis and discussion is supported and clarified by relevant real-world examples and empirical analysis. In particular, country-specific examples are used to identify key issues and valuable lessons for reducing corruption. It provides a comprehensive overview of corruption issues. It covers the different forms of corruption: administrative and political corruption. It identifies successful policy responses.
|
| 588 |
|
|
|a Description based on print version record.
|
| 650 |
|
0 |
|a Civil service ethics.
|
| 650 |
|
0 |
|a Public administration
|x Moral and ethical aspects.
|
| 650 |
|
0 |
|a Political corruption
|x Prevention.
|
| 650 |
|
7 |
|a Business & Economics
|x Economics
|x General.
|2 bisacsh
|
| 650 |
|
7 |
|a True Crime
|x General.
|2 bisacsh
|
| 650 |
|
7 |
|a Public finance.
|2 bicssc
|
| 650 |
|
7 |
|a Civil service & public sector.
|2 bicssc
|
| 700 |
1 |
|
|a Arze del Granado, Javier.
|
| 700 |
1 |
|
|a Boex, Jameson,
|d 1971-
|
| 776 |
1 |
|
|z 9780444529749
|
| 830 |
|
0 |
|a Contributions to economic analysis ;
|v v. 284.
|
| 856 |
4 |
0 |
|u http://www.emeraldinsight.com/0573-8555/284
|z Full Text via HEAL-Link
|
| 913 |
|
|
|1 BMEbacklist
|